000 00283nam a22001337a 4500
008 170427b xxu||||| |||| 00| 0 eng d
020 _a9780802715579
041 _aeng
080 _a54
100 _a12
101 _aSHM
245 _aTHE CARBON AGE
_cROSTON.E
942 _2udc
_cBK
999 _c12238
_d12238